000
00289nam a2200097Ia 4500
008
230915s9999 xx 000 0 und d
050
_a
QD76.9.D348 T65 1996
100
_a
JON WILLIAM TOIGO
245
0
_a
DISASTER RECOVERY PLANNING: FOR COMPUTERS AND COMMUNICATION RESOURCES
942
_c
BK
999
_c
190284
_d
190284